Improving biosecurity through prudent and responsible use of veterinary medicines in aquatic food production / (Record no. 15676)

000 -LEADER
fixed length control field 00899cam a2200253 a 4500
020 ## - INTERNATIONAL STANDARD BOOK NUMBER
ISBN 9789251069752
020 ## - INTERNATIONAL STANDARD BOOK NUMBER
ISBN 9251069751
040 ## - CATALOGING SOURCE
Transcribing agency WAU
082 ## - DEWEY DECIMAL CLASSIFICATION NUMBER
Classification number 636 FOO 2012 A056 Or.
245 10 - TITLE STATEMENT
Title Improving biosecurity through prudent and responsible use of veterinary medicines in aquatic food production /
260 ## - PUBLICATION, DISTRIBUTION, ETC. (IMPRINT)
Place of publication Rome :
Name of publisher Food and Agriculture Organization of the United Nations,
Year of publication 2012.
300 ## - PHYSICAL DESCRIPTION
Number of Pages xiv, 207 p. :
Other physical details ill. (some col.), maps (some col.).
490 1# - SERIES STATEMENT
Series statement FAO fisheries and aquaculture technical paper,
650 #0 - SUBJECT ADDED ENTRY--TOPICAL TERM
Topical Term Antibiotics in aquaculture
650 #0 - SUBJECT ADDED ENTRY--TOPICAL TERM
Topical Term Anti-infective agents
650 #0 - SUBJECT ADDED ENTRY--TOPICAL TERM
Topical Term Fishes
650 #0 - SUBJECT ADDED ENTRY--TOPICAL TERM
Topical Term Aquaculture industry
650 #0 - SUBJECT ADDED ENTRY--TOPICAL TERM
Topical Term Environmental responsibility
700 1# - ADDED ENTRY--PERSONAL NAME
Personal name Bondad-Reantaso, Melba G.
700 1# - ADDED ENTRY--PERSONAL NAME
Personal name Arthur, J. R.
700 1# - ADDED ENTRY--PERSONAL NAME
Personal name Subasinghe, R. P.
710 2# - ADDED ENTRY--CORPORATE NAME
Corporate name or jurisdiction name as entry element Food and Agriculture Organization of the United Nations.
942 ## - ADDED ENTRY ELEMENTS (KOHA)
Koha item type សៀវភៅភាសាអង់គ្លេស
952 ## - LOCATION AND ITEM INFORMATION (KOHA)
Withdrawn status [LOCAL, KOHA] 0
Holdings
Permanent Location Date acquired Koha item type Lost status Shelving location Barcode Current Location Full call number
Library Block A2017-12-05សៀវភៅភាសាអង់គ្លេស A056RUA060090Library Block A636 FOO 2012 A056 Or.
មជ្ឈមណ្ឌលឯការនៃសាកលវិទ្យាល័យភូមិន្ទកសិកម្មចំការដូង

Powered by Koha